Statistics for Green Day - Warning Songs

Click here to take the quiz!

General Stats

  • This quiz has been taken 12 times
  • The average score is 10 of 12

Answer Stats

ListensSong% Correct
27,584,731Macy's Day Parade
100%
39,364,507Waiting
100%
7,530,267Church On Sunday
89%
72,234,734Minority
89%
48,267,763Warning
89%
8,542,869Blood, Sex And Booze
78%
8,283,607Castaway
78%
5,882,812Deadbeat Holiday
78%
4,500,299Hold On
78%
7,507,635Misery
78%
5,110,410Fashion Victim
67%
4,600,711Jackass
67%

Score Distribution

Percentile by Number Answered

Percent of People with Each Score

Your Score History

You have not taken this quiz